Statistiques concernant Football - Les Meilleurs Buteurs de l'Europa League

Cliquez ici pour prendre le quiz!

Statistiques générales

  • Ce quiz a été pris 194 fois
  • Le résultat moyen est 7 sur 11

Statistiques - réponses

RangButsClubsNationalitéJoueurs% Correct
131Dortmund - Arsenal - FC Barcelone - OMGabonPierre-Emerick Aubameyang
100%
6.22OL - ArsenalFranceAlexandre Lacazette
90%
230Porto - Atlético MadridColombieRadamel Falcao
87%
3.26Anderlecht - Everton - Inter Milan - AS RomeBelgiqueRomelu Lukaku
87%
821Wolfsburg - Manchester City - AS RomeBosnie-HerzégovineEdin Dzeko
79%
9.20Sporting CP - Manchester UnitedPortugalBruno Fernandes
66%
6.22FC Séville - Atlético Madrid - ValenceFranceKévin Gameiro
63%
3.26Athletic BilbaoEspagneAritz Aduriz
47%
1119Bruges - FC Séville - VillarealColombieCarlos Bacca
34%
524Maccabi Tel-Aviv - Salzburg - Sevilla - HoffenheimIsraëlMunas Dabbur
26%
9.20Benfica - OlympiakosParaguayOscar Cardozo
12%

Distribution des résultats

Percentile par nombre de réponses

% des personnes avec chaque résultat

Votre développement - résultats

Vous n’avez pas pris ce quiz